000 00336nam a2200121Ia 4500
005 20260326235449.0
008 260326s9999||||xx |||||||||||||| ||und||
100 _aGiaconi, Giovanni
245 4 _aThe Villas of Palladio /
_cGiovanni Giaconi
260 _bPrinceton Architectural Press
650 _aARQUITECTURA RENACENTISTA
942 _cBK
999 _c7680
_d7680